Statistics for Commercial Airlines with Boeing 787

Click here to take the quiz!

General Stats

  • This quiz has been taken 1,150 times
    (1,093 since last reset)
  • The average score is 11 of 38

Answer Stats

RegistrationAirline% Correct
G-ZBJHBritish Airways
76%
N808ANAmerican Airlines
69%
N26910United Airlines
66%
C-GHPQAir Canada
58%
PH-BHAKLM Royal Dutch Airlines
57%
JA835JJapan Airlines
56%
A7-BCHQatar Airways
49%
JA825AAll Nippon Airways
45%
A6-BLAEtihad Airways
44%
ZK-NZFAir New Zealand
41%
G-VNEWVirgin Atlantic
41%
VT-ANRAir India
40%
N966AMAeromexico
37%
ET-AOTEthiopian Airlines
34%
HS-TQBThai Airways International
32%
N780AVAvianca
28%
VN-A862Vietnam Airlines
28%
B-2787China Southern Airlines
24%
SP-LRFLOT Polish Airlines
23%
A4O-SYOman Air
22%
HZ-ARASaudi Arabian Airlines
22%
9V-OJCScoot
22%
EC-MIGAir Europa
20%
B-2739Hainan Airlines
19%
5Y-KZAKenya Airways
19%
CN-RGBRoyal Air Maroc
17%
VH-VKEJetstar
16%
EI-LNFNorwegian Long Haul
12%
JY-BAFRoyal Jordanian Airlines
12%
B-2768Xiamen Airlines
11%
CC-BBELAN Airlines
10%
V8-DLCRoyal Brunei Airlines
10%
G-TUIEThomson Airways
10%
PH-TFKArkeFly
7%
OO-JDLJetairFly
7%
VP-BBRAzerbaijan Airlines
6%
A6-PFCAbu Dhabi Amiri Flight
3%
OR-TFLTUI Airlines Nederland
0%

Score Distribution

Percentile by Number Answered

Percent of People with Each Score

Your Score History

You have not taken this quiz since the last reset